000 00708nam a2200241Ia 4500
005 20240104112932.0
008 131103s9999 xx 000 0 und d
020 _a8126019700
_cRs 125
040 _aLoreto College
041 _aEnglish
082 _a894.811
_bBHA
100 _aBharati, Subramania
245 _aPoems of Subramania Bharati,
_c Prema Nandakumar
250 _a A selection in an English verse rendering, with an introduction and notes
260 _aNew Delhi
_bSahitya Akademi
_c1977
300 _a232p
504 _aIncludes bibliography
650 _aPoetry in Tamil
651 _aIndian Literature
700 _aNandakumar, Prema, tr,ed
850 _aLCLIB
942 _cBK
999 _c36098
_d86577